La nación dividida: las raíces de un pensador burgués. G. W. F. Hegel
সংরক্ষণ করুন:
| প্রধান লেখক: | |
|---|---|
| বিন্যাস: | গ্রন্থ |
| ভাষা: | স্প্যানিশ |
| প্রকাশিত: |
Madrid
Abada Editores
2016
|
| সংস্করন: | 2a. ed |
| মালা: | Filosofía
|
| বিষয়গুলি: | |
| ট্যাগগুলো: |
ট্যাগ যুক্ত করুন
কোনো ট্যাগ নেই, প্রথমজন হিসাবে ট্যাগ করুন!
|
MARC
| LEADER | 00000cam a2200000 a 4500 | ||
|---|---|---|---|
| 001 | UCC8733 | ||
| 003 | CL-VaPUC | ||
| 005 | 20230421074441.0 | ||
| 008 | 190814e20160000sp |||||||||||||||||spa|d | ||
| 999 | |c 374985 |d 374983 | ||
| 020 | |a 9788416160501 | ||
| 040 | |c Pontificia Universidad Católica de Valparaíso | ||
| 082 | 0 | 4 | |a 193 RIP 2016 |2 21 |
| 100 | 0 | |a Ripalda, José María |e author |9 198 | |
| 245 | 1 | 3 | |a La nación dividida: las raíces de un pensador burgués. G. W. F. Hegel |
| 250 | |a 2a. ed | ||
| 260 | |a Madrid |b Abada Editores |c 2016 | ||
| 300 | |a 371 p | ||
| 490 | 0 | |a Filosofía | |
| 583 | |a last modification |c 20190814 14:59:00 |k Rodrigo Vera | ||
| 600 | 0 | |a Hegel, Georg Wilhelm Friedrich |d 1770-1831 |9 860268 | |
| 650 | 0 | |a Filosofía alemana |9 265002 | |
| 650 | 0 | |a Idealismo |9 265685 | |
| 650 | 0 | |a Dialéctica |9 257902 | |
| 942 | |c BK |2 ddc | ||
| 945 | |d 20190814 14:59:00 |a dcastane | ||
| 952 | |0 0 |1 0 |3 erb |4 0 |6 193_000000000000000_RIP_2016 |7 0 |8 A |9 493772 |a BIBEDU |b BIBEDU |i 5557488 |l 6 |m 1 |o 193 RIP 2016 |p 5557488 |r 2022-05-02 |s 2022-05-02 |w 2019-11-24 |y BK |z Catalogado en:20190814 |k FIL | ||